Δημιουργία μουσικού video clip με τη χρήση τρισδιάστατων γραφικών : μεταπτυχιακή εργασία

Αποθηκεύτηκε σε:
Λεπτομέρειες βιβλιογραφικής εγγραφής
Κύριος συγγραφέας: Γιαννακού, Χρυσοβαλάντω
Συγγραφή απο Οργανισμό/Αρχή: Πανεπιστήμιο Αιγαίου. Σχολή Κοινωνικών Επιστημών. Τμήμα Πολιτισμικής Τεχνολογίας και Επικοινωνίας. Πρόγραμμα Μεταπτυχιακών Σπουδών Πολιτισμική Πληροφορική και Επικοινωνία
Άλλοι συγγραφείς: Σαμπανίκου, Εύη Δημ., 1965- (dgsf)
Μορφή: Thesis Βιβλίο
Γλώσσα:Greek
Δημοσίευση: 2009.
Θέματα:
Ετικέτες: Προσθήκη ετικέτας
Δεν υπάρχουν, Καταχωρήστε ετικέτα πρώτοι!

MARC

LEADER 00000cam a2200000 i 4500
001 1/1688
008 090923s2009 gr | ||| |||| ||gre||
035 |l 10105692 
040 |a GR-MyUa  |b gre  |e AACR2 
041 0 |a gre 
082 7 |a 006.78   |2 (22) 
100 1 |a Γιαννακού, Χρυσοβαλάντω. 
245 1 0 |a Δημιουργία μουσικού video clip με τη χρήση τρισδιάστατων γραφικών :   |b μεταπτυχιακή εργασία /   |c επιμέλεια εργασίας: Γιαννακού Χρυσοβαλάντω ; [επίβλεψη: Σαμπανίκου Ε., Παπαγεωργίου Δ., Αναγνωστόπουλος Χ]. 
260 |c 2009. 
300 |a 53 σ. :   |b εικ. ;   |c 30 εκ. 
502 |a Διατριβή (μεταπτυχιακή) – Πανεπιστήμιο Αιγαίου, Λέσβος, 2009. 
504 |a Βιβλιογραφία: σ. 52-53 
650 0 0 |a Three-dimensional imaging. 
650 0 0 |a Computer graphics. 
650 0 0 |a Animation (Cinematography) 
650 0 0 |a Dissertations, Academic  |z Greece. 
700 1 |a Παπαγεωργίου, Δημήτρης,  |e dgs 
700 1 |a Αναγνωστόπουλος, Χρήστος,  |e dgs 
700 1 |a Σαμπανίκου, Εύη Δημ.,   |d 1965-  |e dgsf 
710 2 |a Πανεπιστήμιο Αιγαίου.   |b Σχολή Κοινωνικών Επιστημών.   |b Τμήμα Πολιτισμικής Τεχνολογίας και Επικοινωνίας.   |b Πρόγραμμα Μεταπτυχιακών Σπουδών Πολιτισμική Πληροφορική και Επικοινωνία. 
852 |a INST  |b LESVOS  |c DIATR  |e 20090923  |h 275  |p 005100046475  |q 005100046475  |t MTXE  |y 23 
852 |a INST  |b LESVOS  |c DIATR  |e 20090923  |h 276  |p 005100046474  |q 005100046474  |t MTXE  |y 23 
901 |a BIBL1-2009-3 
924 |a Γιαννακού  |b Χρυσοβαλάντω  |y Λέσβος  |z 2009-07 
970 |a ΤΖΑΦΕΡΗ  |b ΕΥΑΓΓΕΛΙΑ  |z 2009/09/23